000 00940cam a2200289 i 4500
001 4105846
005 20211206194904.0
008 750501s1974 pk b 000 0 eng
010 _a 74930433
020 _cRs2.00
040 _aDLC
_cDLC
_dDLC
043 _aa-pk---
050 0 0 _aBP63.P2
_bM84
082 0 0 _a320.954904
_bMUJ
100 1 _aal-Mujahid, Sharif.
_985832
245 1 0 _aIdeology of Pakistan /
_cSharif al Mujahid.
260 _aLahore :
_bProgressive Publishers,
_c1974.
300 _a28 iv, ;
_c23 cm.
490 1 _aProgressive series ;
_vno. 21
504 _aIncludes bibliographical references.
650 0 _aIslam and state
_zPakistan.
_985833
650 0 _aPakistan movement.
_985834
651 0 _aPakistan
_xPolitics and government.
_985835
830 0 _aProgressive series (Progressive Publishers (Lahore, Pakistan)) ;
_v21.
_985836
906 _a7
_bcbc
_corignew
_d4
_encip
_f19
_gy-gencatlg
942 _2ddc
_cBK
999 _c587126
_d587126